000 00743nam a2200229 a 4500
001 000008166
005 20200929154450.0
008 090915s198u dr a 000 0 spa d
040 _aDO-SdBNP
082 _a641.5
_bK88s
100 1 _aKozel, Carlos
_922163
245 1 3 _aLa salud depende de la cocina /
_cCarlos Kozel, Rosa de Kozal.
260 _aSanto Domingo. :
_bEditorial de la Misión La Verdad Presente,
_c[19--].
300 _a283 p. :
_bil. ;
_c21 cm.
500 _aIncluye índice alfabético
650 4 _aPreparación de alimentos
_9193
650 4 _aAlimentos naturales (cocina)
_922164
650 4 _aCocina vegetariana
_9361
700 1 2 _aKozal, Rosa de
_922165
910 _aValidado. Control de calidad MFF
049 _aBNPD
999 _c7943
_d7943